000 01031nam a22002777a 4500
003 OSt
005 20260508124751.0
008 260508b |||||||| |||| 00| 0 aze d
020 _a9789952817614
040 _aAZ-XaKU
_baze
_cAZ-XaKU
050 0 4 _aPN1993.45 .A9 .C4908 2017
100 1 _a
_emüəllif
245 1 _aAzərbaycan kinosu ensiklopedik lüğət
264 _aBakı:
_bElm və Təhsil,
_c2017.
300 _a284 səhifə ;
_bşəkilli ;
_c25 sm.
336 _atext
_btxt
_2rdacontent
337 _aunmediated
_bn
_2rdamedia
338 _avolume
_bnc
_2rdacarrier
500 _aAzərbaycan Respublikasının Prezidenti İlham Əliyevin 2008-ci il 4 avqust tarixli, 2961 nömrəli Sərəncamı ilə təsdiq olunmuş "Azərbaycan kinosunun 2008-2018-ci illər üzrə inkişafına dair Dövlət Proqramı"na uyğun olaraq nəşr edilib.
521 _aÜmumi oxucu kütləsi
600 _2AZ-XaKU
650 7 _aSənətşünaslıq
_2AZ-XaKU
655 _aLüğət
942 _cBOOK
999 _c405
_d405